000 00590nam a2200241Ia 4500
003 OSt
005 20220924150225.0
006 a|||||r|||| 00| 0
007 ta
008 220923b |||||||| |||| 00| 0 tel d
020 _c36
024 _a332405
037 _cTextual
040 _aARTS
_cARTS
_btel
041 _2tel
_atel
082 _aO35,1I45,1:g, M5
100 _aP. Uma
_9221585
245 0 _aMallana rakasekhara charitra
260 _c1985
650 _aTELUGU POETRY
942 _hO35,1I45,1:g, M5
_cTEXL
_2CC
999 _c462644
_d462644